আমাদের শংকর / (Record no. 1468024)

MARC details
000 -LEADER
fixed length control field 01656nam a2200433 a 4500
001 - CONTROL NUMBER
control field vtls002052808
003 - CONTROL NUMBER IDENTIFIER
control field NLI
005 - DATE AND TIME OF LATEST TRANSACTION
control field 20210701051448.0
008 - FIXED-LENGTH DATA ELEMENTS--GENERAL INFORMATION
fixed length control field 191101s2015 ii a g h 000 0bben
020 ## - INTERNATIONAL STANDARD BOOK NUMBER
Terms of availability Rs. 60.00 (pbk.)
039 #9 - LEVEL OF BIBLIOGRAPHIC CONTROL AND CODING DETAIL [OBSOLETE]
Level of rules in bibliographic description 201912061653
Level of effort used to assign nonsubject heading access points prasenjits
Level of effort used to assign subject headings 201911071827
Level of effort used to assign classification paramitam
Level of effort used to assign subject headings 201911011904
Level of effort used to assign classification paramitam
Level of effort used to assign subject headings 201911011903
Level of effort used to assign classification paramitam
-- 201911011859
-- paramitam
040 ## - CATALOGING SOURCE
Original cataloging agency NLI
Language of cataloging ben
Transcribing agency Bengali Div
041 0# - LANGUAGE CODE
Language code of text/sound track or separate title ben
044 ## - COUNTRY OF PUBLISHING/PRODUCING ENTITY CODE
MARC country code ii
082 04 - DEWEY DECIMAL CLASSIFICATION NUMBER
Classification number 928.9144
Edition number 22
100 1# - MAIN ENTRY--PERSONAL NAME
Linkage 880-01
245 00 - TITLE STATEMENT
Linkage 880-02
Title আমাদের শংকর /
Statement of responsibility, etc. গৌরশংকর বন্দোপাধ্যায় ... [et. al.]
260 ## - PUBLICATION, DISTRIBUTION, ETC.
Place of publication, distribution, etc. কলকাতা :
Name of publisher, distributor, etc. সূচিপত্র,
Date of publication, distribution, etc. 2015
300 ## - PHYSICAL DESCRIPTION
Extent 63 p. ;
Dimensions 22 cm.
600 10 - SUBJECT ADDED ENTRY--PERSONAL NAME
Personal name Chakraborty, Sankar,
Dates associated with a name 1946-
9 (RLIN) 1370558
650 #0 - SUBJECT ADDED ENTRY--TOPICAL TERM
Topical term or geographic name entry element Authors, Bengali
Form subdivision Biography
9 (RLIN) 700640
700 1# - ADDED ENTRY--PERSONAL NAME
Linkage 880-03
Personal name বন্দোপাধ্যায়, গৌরশংকর,
Relationship edt.
9 (RLIN) 679788
700 1# - ADDED ENTRY--PERSONAL NAME
Linkage 880-04
700 1# - ADDED ENTRY--PERSONAL NAME
Linkage 880-05
880 1# - ALTERNATE GRAPHIC REPRESENTATION
Linkage 100-01(B
880 0# - ALTERNATE GRAPHIC REPRESENTATION
Linkage 245-02(B
a Āmāder Śaṁkar /
c edited by Gaurśaṁkar Bandopādhyāy ... [et. al.]
880 1# - ALTERNATE GRAPHIC REPRESENTATION
Linkage 700-03(B
a Bandopādhyāy, Gaurśaṁkar,
4 edt.
880 1# - ALTERNATE GRAPHIC REPRESENTATION
Linkage 700-04(B
880 1# - ALTERNATE GRAPHIC REPRESENTATION
Linkage 700-05(B
887 ## - NON-MARC INFORMATION FIELD
Content of non-MARC field Paramita Mullick P. Sarkar
901 ## - LOCAL DATA ELEMENT A, LDA (RLIN)
a 94600 :
b 18.11.2016
902 ## - LOCAL DATA ELEMENT B, LDB (RLIN)
a B 928.9144 C 217
904 ## - LOCAL DATA ELEMENT D, LDD (RLIN)
a Paramita Mullick
905 ## - LOCAL DATA ELEMENT E, LDE (RLIN)
a P. Sarkar
949 ## - LOCAL PROCESSING INFORMATION (OCLC)
-- VIRTUAITEM
-- 10008
-- 100
6 DBA000094600BEN
e 94600
942 ## - ADDED ENTRY ELEMENTS (KOHA)
Source of classification or shelving scheme Dewey Decimal Classification
Koha item type Books
Holdings
Withdrawn status Lost status Damaged status Not for loan Collection code Home library Current library Shelving location Date acquired Total Checkouts Full call number Barcode Date last seen Price effective from Koha item type
        Bengali National Library of India National Library of India Bengali - Books - Main Stack Division     B 928.9144 C 217 DBA000094600BEN 01/07/2021 01/07/2021 Books
                                                                           
web counter

Copyright ©2020 The National Library of India, Govt. of India ↔ Hosted by NVLI, MOC ↔ Technology and Design by National Library of India, Ministry of Culture, Govt. of India